| 000 | 00786cab a2200241 4500 | ||
|---|---|---|---|
| 001 | ABS58405 | ||
| 008 | 090401t1998 xxu||||| |||| 00| 0 eng d | ||
| 035 | _a(Sirsi) u85048 | ||
| 041 | _aeng | ||
| 100 | _aLey, T. | ||
| 245 | _aMaking energy efficiency a must in new homes | ||
| 260 | _c1998 | ||
| 350 | _a0 | ||
| 490 |
_aCSM _bChartered Surveyor Monthly _v7(6) March 1998, 31(1) |
||
| 520 | _aLooks at the inclusion of energy ratings in the Building Regulations compiled using Standard Assessment Procedures as the basis for assessment. | ||
| 650 | _aBUILDING REGULATIONS PART L | ||
| 650 | _aENERGY EFFICIENCY | ||
| 650 | _aENERGY RATING | ||
| 650 | _aSTANDARD ASSESSMENT PROCEDURES | ||
| 690 | _aBUILDING AND CONSTRUCTION-ENERGY | ||
| 942 | _n0 | ||
| 948 | _c18/03/1998 | ||
| 999 |
_c53470 _d53470 |
||